00346pab a2200133 454500008004000000100001900040245006700059260000900126300001600135362000800151650001200159700002300171773001800194180718b2007 xxu||||| |||| 00| 0 eng d aLevin, Eric J. aA statistical explanation for extreme bids in the house market c2007 ap.2339-355. aNov aHousing aPryce, Gwilym B.J. aUrban Studies